A mai igényeknek megfelelően [Úlohy Csemadok-u po XV. zjazde KSČ]

Bibliographic Details
Main Author: Varga, Béla (Author)
Format: Article
Language:Hungarian
Slovak
PhysicalDescription:Obr.
Subjects:

MARC

LEADER 00000nab a2200000 a 4500
001 vtls008827613
003 SK-MaSNL
005 20260303071559.0
008 060310 1976 xo 000 0 hun
015 |a SNBRB1977 
040 |a SNKBUCL  |b slo  |c SNKBUCL  |e AACR2 
041 0 |a slo 
044 |a xo  |c SK 
080 |a 316.022.4(=511.141)(437.6)  |2 2001 
100 1 |a Varga, Béla  |4 aut  |9 682318 
245 1 0 |a A mai igényeknek megfelelően  |b [Úlohy Csemadok-u po XV. zjazde KSČ]  |c Béla Varga 
300 |b Obr. 
610 2 7 |a Csemadok (Slovensko)  |2 snkbucl  |9 97178 
773 0 |t Vasárnapi Új Szó  |g Roč. 9, č. 48 (1976), s. 9 
958 |a HU 
958 |a SK 
999 |c 1760639  |d 1762569